Để thành công trên thị trường chứng khoán : Những "Luật chơi" người trong cuộc nhận ra ở Tây Âu /

Suy ngẫm về tiền; Thị trường chứng khoán - Huyết mạch lưu thông vốn; Cộng đồng muôn màu, tác nghiệp muôn vẻ; Công ty ra thị trường chứng khoán; Sản phẩm giao dịch trên thị trường chứng khoán; Chỉ số thị trường chứng khoán đo gì?; Bạn vào cuộc ra sao?....

Disgrifiad llawn

Wedi'i Gadw mewn:
Manylion Llyfryddiaeth
Prif Awdur: Nguyễn Văn Tiến Ích.
Fformat: Llyfr
Iaith:Vietnamese
Cyhoeddwyd: Hà Nội : Thống kê, 2004.
Pynciau:
Tagiau: Ychwanegu Tag
Dim Tagiau, Byddwch y cyntaf i dagio'r cofnod hwn!
Thư viện lưu trữ: Mạng thư viện Đại học Đà Nẵng
LEADER 01531cam a2200361 a 4500
001 000044673
003 3080
005 20060509155452.0
008 010313b2004 vm 000 vie
020 |c 30000 
040 |a LRC  |c LRC  |d LRC 
041 0 |a vie 
082 1 4 |a 332.64  |b NG-I 
100 1 |a Nguyễn Văn Tiến Ích. 
245 1 0 |a Để thành công trên thị trường chứng khoán :  |b Những "Luật chơi" người trong cuộc nhận ra ở Tây Âu /  |c Nguyễn Văn Tiến Ích. 
260 |a Hà Nội :  |b Thống kê,  |c 2004. 
300 |a 315 tr. ;  |c 20,5 cm. 
520 3 |a Suy ngẫm về tiền; Thị trường chứng khoán - Huyết mạch lưu thông vốn; Cộng đồng muôn màu, tác nghiệp muôn vẻ; Công ty ra thị trường chứng khoán; Sản phẩm giao dịch trên thị trường chứng khoán; Chỉ số thị trường chứng khoán đo gì?; Bạn vào cuộc ra sao?. 
630 0 4 |a Kinh tế. 
630 0 4 |a Chứng khoán. 
650 0 4 |a Thị trường chứng khoán. 
OWN |a DUT 
AVA |a UDN50  |b DUT  |c Book  |d 332.64 NG-I  |e available  |t Error 5001 Not defined in file expand_doc_bib_avail.  |f 5  |g 1  |h N  |i 0  |j SH  |k 1 
999 |a From the UDN01 
AVA |a UDN50  |b DUT  |c Book  |d 332.64 NG-I  |e available  |t Error 5001 Not defined in file expand_doc_bib_avail.  |f 5  |g 1  |h N  |i 0  |j SH  |k 1 
TYP |a Monograph 
TYP |a Printed language 
980 |a Mạng thư viện Đại học Đà Nẵng